Top 10 des prénoms de filles en France en 2010 - Statistiques

Statistiques générales
  • Ce quiz a été pris 2 103 fois
  • Le résultat moyen est 5 sur 10
Statistiques - réponses
Prénoms % Correct
1 Emma
74%
9 Léa
68%
7 Louise
58%
4 Jade
55%
2 Manon
49%
3 Lola
45%
5 Camille
44%
6 Sarah
38%
10 Clara
37%
8 Lilou
32%
Aucun quiz correspondant
Distribution des résultats
% des personnes avec chaque résultat
Percentile par nombre de réponses
Votre historique - résultats
Vous n’avez pas pris ce quiz